000 00921nam0a22002411 4500
001 rc\2680195
005 20250623154733.0
035 _a(NLR Aleph) 006808593
090 _a6319265
_c6319265
100 _a20110915d1932 |||y0rusy50 ca
101 0 _arus
102 _aRU
105 _ay z |||c|
200 1 _aОчерк об электропечи
_e[Сквозная ударная бригада им. Лозовского - в борьбе за советскую высококачественную сталь]
_fС. Колосницын
210 _aСвердловск
_aМосква
_cУрал. обл. гос. изд-во
_d1932
_eСвердловск
_gтип. Огиза
215 _aОбл., 48 с.
_d20х13 см.
700 1 _aКолосницын
_bС.
_gСергей
801 0 _aRU
_bNLR
_gpsbo
801 1 _aRU
_bELAR
_2rusmarc
852 _aNLR
_j32-8/10059
942 _cBOOK
980 _aNB